| 000 | 01223nam a22002297a 4500 | ||
|---|---|---|---|
| 005 | 20120614170415.0 | ||
| 008 | 081007t xxu||||| |||| 00| 0 mar d | ||
| 010 | _aMAR-22631 | ||
| 020 | _c100.00 | ||
| 035 | _aMR-15289 | ||
| 037 | _bD.B.Act /pub | ||
| 082 | _a920 | ||
| 100 |
_949115 _aपाटगावकर, चंद्रकांत |
||
| 245 |
_aसमतेचा दिंडीचे धारकरी : _cचंद्रकांत पाटगावकर _bमहात्मा फुले ते साने गुरुजी / |
||
| 246 |
_bby Chandrkant Patgavkar _aSamtechaya Dindichey Dharkari : Mahatma Phule Te Sane Guruji |
||
| 260 |
_aकोल्हापूर _bअभिनंदन प्रकाशन _c2012 |
||
| 270 |
_bकोल्हापूर _a1495 ' बी ' इंदुमती अपार्टमेंट,गुलाब गल्ली,मंगळवार पेठ, _e416012 |
||
| 300 |
_a107पृ. _c22सेमी(अजिल्द) |
||
| 650 | _952691 | ||
| 942 |
_2ddc _cMR _mपाटगा _h920 |
||
| 999 |
_c70406 _d70406 |
||